|
|
|
|
| LEADER |
00985nam a2200205 a 4500 |
| 001 |
00022386 |
| 008 |
110425s2011 bg a b 000 0 ben |
| 040 |
|
|
|a BD-DhAAL
|c BD-DhAAL
|
| 082 |
0 |
0 |
|a 634.441
|2 22
|
| 100 |
1 |
|
|a সিদ্দিকী, মাহবুব
|
| 245 |
1 |
0 |
|a আম /
|c মাহবুব সিদ্দিকী
|
| 260 |
|
|
|a ঢাকা :
|b হেরিটেজ রাজশাহী,
|c ২০১১
|
| 300 |
|
|
|a ৩৪৬ পৃ. :
|b চিএ ;
|c ২২ সে.মি.
|
| 541 |
|
|
|e 00022386
|
| 650 |
|
0 |
|a Mango
|
| 650 |
|
0 |
|a Mango
|x Classification
|
| 852 |
4 |
|
|a Ayesha Abed Library
|j General shelf
|
| 999 |
|
|
|c 10762
|d 10762
|
| 952 |
|
|
|0 0
|1 0
|2 ddc
|4 0
|6 634_441000000000000_SID
|7 0
|9 16190
|a BRACUL
|b BRACUL
|c GEN
|d 2011-04-25
|l 2
|m 5
|o 634.441 SID
|p 3010022386
|r 2025-12-17
|s 2025-12-09
|t 2
|w 2011-04-25
|y BK
|
| 952 |
|
|
|0 0
|1 0
|2 ddc
|4 0
|6 634_441000000000000_SID
|7 0
|9 16194
|a BRACUL
|b BRACUL
|c GEN
|d 2011-04-25
|e VC Floor
|g 300.00
|l 2
|m 12
|o 634.441 SID
|p 3010022385
|r 2025-12-06
|s 2025-11-30
|t 1
|w 2011-04-25
|y BK
|